Очистка изотопно-обогащенного металлического свинца; Изотопы: технологии, материалы и применение

Detalles Bibliográficos
Parent link:Изотопы: технологии, материалы и применение.— 2020.— [С. 75]
Autor principal: Гусев Н. В.
Autor Corporativo: Национальный исследовательский Томский политехнический университет Инженерная школа ядерных технологий Отделение ядерно-топливного цикла
Otros Autores: Егоров Н. Б. Николай Борисович (научный руководитель)
Sumario:Заглавие с титульного экрана
Lenguaje:ruso
Publicado: 2020
Colección:Селекция и глубокая очистка трудно разделяемых веществ физико-химическими методами
Materias:
Acceso en línea:http://earchive.tpu.ru/handle/11683/63970
Formato: Electrónico Capítulo de libro
KOHA link:https://koha.lib.tpu.ru/cgi-bin/koha/opac-detail.pl?biblionumber=632390

MARC

LEADER 00000naa2a2200000 4500
001 632390
005 20231101133717.0
035 |a (RuTPU)RU\TPU\conf\34098 
035 |a RU\TPU\conf\34093 
090 |a 632390 
100 |a 20201120d2020 k y0rusy50 ca 
101 0 |a rus 
102 |a RU 
105 |a y z 101zy 
135 |a drgn ---uucaa 
181 0 |a i  
182 0 |a b 
200 1 |a Очистка изотопно-обогащенного металлического свинца  |f Н. В. Гусев  |g науч. рук. Н. Б. Егоров 
203 |a Текст  |c электронный 
225 1 |a Селекция и глубокая очистка трудно разделяемых веществ физико-химическими методами 
230 |a 1 компьютерный файл (pdf; 227 Кб) 
300 |a Заглавие с титульного экрана 
320 |a [Библиогр.: с. 75 (8 назв.)] 
463 0 |0 (RuTPU)RU\TPU\conf\34043  |t Изотопы: технологии, материалы и применение  |o сборник тезисов докладов VI Международной научной конференции молодых ученых, аспирантов и студентов, г. Томск, 26-29 октября 2020 г.  |f Национальный исследовательский Томский политехнический университет (ТПУ)  |v [С. 75]  |d 2020 
610 1 |a электронный ресурс 
610 1 |a труды учёных ТПУ 
610 1 |a очистка 
610 1 |a изотопно-обогащенный свинец 
610 1 |a металлический свинец 
610 1 |a примеси 
610 1 |a изотопная продукция 
610 1 |a зонная перекристаллизация 
610 1 |a вакуумная дистилляция 
700 1 |a Гусев  |b Н. В. 
702 1 |a Егоров  |b Н. Б.  |c химик-технолог  |c доцент Томского политехнического университета, кандидат химических наук  |f 1974-  |g Николай Борисович  |2 stltpush  |4 727 
712 0 2 |a Национальный исследовательский Томский политехнический университет  |b Инженерная школа ядерных технологий  |b Отделение ядерно-топливного цикла  |h 7864  |2 stltpush  |3 (RuTPU)RU\TPU\col\23554 
801 2 |a RU  |b 63413507  |c 20201209  |g RCR 
856 4 |u http://earchive.tpu.ru/handle/11683/63970 
942 |c BK